00361nam a22001217a 450000500170000000800410001704100080005808200080006610000590007424500690013326000290020230000080023120240808170643.0240808b |||||||| |||| 00| 0 eng d aeng bDAR aDarade Akanksha- 2K211019 & Dr. Sonali Parchure-Guide  aThe Study of Feasibility of Secured and Unsecured Business Loans aPune bSPPU cMarch-2023 a51p